Pays qui ont accès à l'Océan Atlantique et à l'Océan Pacifique - Statistiques

Statistiques générales
  • Ce quiz a été pris 123 fois
    94 depuis la dernière actualisation
  • Le résultat moyen est 11 sur 12
Statistiques - réponses
Continant Pays % Correct
Amérique Canada
100%
États-Unis
100%
Europe France
95%
Mexique
95%
Panama
94%
Royaume-Uni
92%
Honduras
90%
Costa rica
89%
Nicaragua
88%
Guatemala
86%
Colombie
85%
Russie
81%
Aucun quiz correspondant
Distribution des résultats
% des personnes avec chaque résultat
Percentile par nombre de réponses
Votre historique - résultats
Vous n’avez pas pris ce quiz depuis la dernière actualisation